书目信息 |
| 题名: |
一粒种子的幸福生活
|
|
| 作者: | 彭春生 , 石万钦 主编 | |
| 分册: | 人气多肉香草在家玩 | |
| 出版信息: | 青岛 青岛出版社 2015 |
|
| 页数: | 159页 | |
| 开本: | 24cm | |
| 丛书名: | ||
| 单 册: | ||
| 中图分类: | S682.33 | |
| 科图分类: | ||
| 主题词: | 多浆植物--观赏园艺 | |
| 电子资源: | ||
| ISBN: | 978-7-5552-2265-1 | |
| 000 | 00809nam0 2200241 450 | |
| 001 | 012015000037 | |
| 005 | 20151130095624.10 | |
| 010 | @a978-7-5552-2265-1@dCNY29.80 | |
| 100 | @a20151101d2015 em y0chiy50 ea | |
| 101 | 0 | @achi |
| 102 | @aCN@b370000 | |
| 105 | @aa z 000yy | |
| 106 | @ar | |
| 200 | 1 | @a一粒种子的幸福生活@Ayi li zhong zi de xing fu sheng huo@i人气多肉香草在家玩@f彭春生,石万钦主编 |
| 210 | @a青岛@c青岛出版社@d2015 | |
| 215 | @a159页@c彩图@d24cm | |
| 330 | @a本书内容分为四个部分:奇妙的多肉植物在家种、最有效的多肉植物养护法、在家轻松种香草、一学就会的香草种养法。 | |
| 606 | 0 | @a多浆植物@x观赏园艺 |
| 690 | @aS682.33@v5 | |
| 701 | 0 | @a彭春生@Apeng chun sheng@4主编 |
| 701 | 0 | @a石万钦@Ashi wan qin@4主编 |
| 801 | 0 | @aCN@b碧洲教育@c20151127 |
| 905 | @a10447@f4@dS682.33@e402 | |
| 一粒种子的幸福生活.人气多肉香草在家玩/彭春生,石万钦主编.-青岛:青岛出版社,2015 |
| 159页:彩图;24cm |
| ISBN 978-7-5552-2265-1:CNY29.80 |
| 本书内容分为四个部分:奇妙的多肉植物在家种、最有效的多肉植物养护法、在家轻松种香草、一学就会的香草种养法。 |
| ● |
| 相关链接 |
|
|
|
|
正题名:一粒种子的幸福生活
索取号:S682.33/402
 
预约/预借
| 序号 | 登录号 | 条形码 | 馆藏地/架位号 | 状态 | 备注 |
| 1 | 0871701 | 208717012 | 第二样本阅览室/ [索取号:S682.33/402] | 在馆 | |
| 2 | 0871702 | 208717021 | 第三借阅区/ [索取号:S682.33/402] | 在馆 | |
| 3 | 0871703 | 208717030 | 第三借阅区/ [索取号:S682.33/402] | 在馆 | |
| 4 | 0871704 | 208717049 | 第三借阅区/ [索取号:S682.33/402] | 在馆 |